000 00427nam a2200145Ia 4500
008 151021s9999 xx 000 0 und d
020 _a826485006
050 _aLB 1025.3 .B459 2005
245 _a_The Ultimate Teachers Handbook / Hazel Bennett
260 _aNew York : Continuum, 2005
300 _ax,256 p.
500 _aIncludes index
650 _a_Teachers guide to teaching
980 _a^d20110322 03:01:57^okilerai
999 _c6897
_d6897